000 00426nam a2200157Ia 4500
008 210210b1974 xxu||||| |||| 00| 0 eng d
082 _a350 BHAT
100 _aBHAGWAN (Vishnoo) and BHUSHAN (Vidya).
245 _aText book of Public administration. Ed.3
250 _a
260 _aND
_bS. Chand & Co. Ltd.
_c1974
300 _a651
650 _aPublic administration
690 _aPublic Administration
906 _a031696
999 _c82734
_d82734